[Event "Intermat Online"]
[Site "chess.com"]
[Date "2021.05.15"]
[Round "2.5"]
[White "Arul, Sharvesh"]
[Black "Low, Ethan Jun"]
[Result "1-0"]
[WhiteElo "1483"]
[BlackElo "1233"]
[PlyCount "101"]
[EventDate "2021.05.15"]
[EventType "team"]
[EventRounds "2"]
[EventCountry "CAN"]
[WhiteTeam "WA"]
[BlackTeam "BC"]

1. e4 c5 2. Nf3 Nc6 3. Bb5 g6 4. Bxc6 bxc6 5. O-O Bg7 6. Re1 d6 7. c3 Nf6 8. e5
Nd5 9. exd6 Qxd6 10. d4 cxd4 11. Nxd4 O-O 12. Nf3 Bg4 13. h3 Bxf3 14. Qxf3 e6
15. Nd2 Nf4 16. Ne4 Qd3 17. Qxf4 Rad8 18. Nf6+ Kh8 19. Be3 Qf5 20. Ng4 Qd5 21.
Qa4 a5 22. Rad1 Qf5 23. Rxd8 Rxd8 24. Qxc6 h5 25. Nh2 Kh7 26. Qf3 Qxf3 27. Nxf3
Rb8 28. Re2 a4 29. Bd4 Bh6 30. Ne5 Rb7 31. Nc4 Rd7 32. Nb6 Rd6 33. Nxa4 Ra6 34.
b3 Bf4 35. Nc5 Rc6 36. a4 Bd6 37. b4 Bxc5 38. Bxc5 Rc8 39. a5 Rd8 40. a6 Rd1+
41. Kh2 Ra1 42. a7 Kg7 43. b5 f6 44. b6 Kf7 45. b7 Rb1 46. b8=Q Rxb8 47. axb8=Q
Kg7 48. Qf8+ Kh7 49. Rd2 g5 50. Qf7+ Kh6 51. Bf8# 1-0

[Event "Intermat Online"]
[Site "chess.com"]
[Date "2021.05.15"]
[Round "2.6"]
[White "Kona, Vidip"]
[Black "Zhu, Forrest"]
[Result "1-0"]
[WhiteElo "1722"]
[BlackElo "1075"]
[PlyCount "25"]
[EventDate "2021.05.15"]
[EventType "team"]
[EventRounds "2"]
[EventCountry "CAN"]
[WhiteTeam "WA"]
[BlackTeam "BC"]

1. e4 e5 2. Nf3 Nc6 3. Bb5 Bd6 4. O-O a6 5. Bxc6 dxc6 6. d4 exd4 7. Qxd4 Ne7 8.
Qxg7 Rg8 9. Qf6 Rg6 10. Qh4 Bg4 11. Ng5 Bd7 12. Qxh7 Be5 13. Qxf7# 1-0

[Event "Intermat Online"]
[Site "chess.com"]
[Date "2021.05.15"]
[Round "2.7"]
[White "Liu, Lucas"]
[Black "Wu, Nicholas"]
[Result "1/2-1/2"]
[WhiteElo "1501"]
[BlackElo "1265"]
[PlyCount "75"]
[EventDate "2021.05.15"]
[EventType "team"]
[EventRounds "2"]
[EventCountry "CAN"]
[WhiteTeam "WA"]
[BlackTeam "BC"]

1. e4 c6 2. d4 d5 3. exd5 cxd5 4. Nc3 Bf5 5. Bd3 Bxd3 6. Qxd3 e6 7. Nf3 Nc6 8.
Bf4 Nf6 9. O-O Bd6 10. Bg3 O-O 11. Rfe1 a6 12. Rad1 b5 13. Ne5 Qb6 14. Bh4 Be7
15. Bxf6 Bxf6 16. Nd7 Qa7 17. Nxf8 Bxd4 18. Rf1 Rxf8 19. b3 Bc5 20. Ne2 Ne5 21.
Qg3 Nd7 22. Qf4 Nf6 23. Ng3 Rc8 24. c4 bxc4 25. bxc4 h6 26. cxd5 Nxd5 27. Qe5
Nc3 28. Nh5 Bd4 29. Rxd4 Qxd4 30. Qxd4 Ne2+ 31. Kh1 Nxd4 32. h3 Rc2 33. Rd1 Nf5
34. g4 g6 35. Rd8+ Kh7 36. Nf6+ Kg7 37. Ne8+ Kf8 38. gxf5 1/2-1/2

[Event "Intermat Online"]
[Site "chess.com"]
[Date "2021.05.15"]
[Round "2.8"]
[White "Jammalamadaka, Vihaan"]
[Black "Liu, Zachary"]
[Result "0-1"]
[WhiteElo "1755"]
[BlackElo "676"]
[PlyCount "122"]
[EventDate "2021.05.15"]
[EventType "team"]
[EventRounds "2"]
[EventCountry "CAN"]
[WhiteTeam "WA"]
[BlackTeam "BC"]

1. d4 d5 2. c4 c6 3. Nc3 Nf6 4. cxd5 cxd5 5. f3 Qb6 6. e4 dxe4 7. fxe4 e5 8.
dxe5 Ng4 9. Qe2 Be6 10. Qb5+ Qxb5 11. Bxb5+ Bd7 12. Nf3 Bb4 13. Bd2 a6 14. Bc4
Nc6 15. Bd5 Bc5 16. Rf1 Ngxe5 17. Nxe5 Nxe5 18. Bf4 Nd3+ 19. Kd2 Nxf4 20. Rxf4
Be6 21. Raf1 Rd8 22. Kc2 Bxd5 23. exd5 O-O 24. Rc4 Bd6 25. g3 Be5 26. Rd1 Rfe8
27. Rd2 g6 28. Ne4 Rc8 29. Rxc8 Rxc8+ 30. Kb3 f5 31. Nc3 Bd6 32. Re2 Kf7 33.
Na4 Rd8 34. Rc2 Kf6 35. Nb6 g5 36. Re2 Bc7 37. Re6+ Kf7 38. Kc4 f4 39. gxf4
gxf4 40. Kd4 Re8 41. Nc4 Rxe6 42. dxe6+ Kxe6 43. Ke4 Kf6 44. Nd2 Kg5 45. Kf3 b6
46. b3 Kf5 47. Ke2 Kg4 48. Kf2 b5 49. Kg2 Ba5 50. Nf3 Kf5 51. Kf1 h5 52. h3 Ke4
53. Ke2 Bd8 54. a3 a5 55. Ne1 a4 56. bxa4 bxa4 57. Nd3 f3+ 58. Kd2 Bg5+ 59. Kc2
Ke3 60. Nb2 f2 61. Nd1+ Ke2 0-1

[Event "Intermat Online"]
[Site "chess.com"]
[Date "2021.05.15"]
[Round "2.9"]
[White "Yang, Alexander"]
[Black "Gao, Justin"]
[Result "0-1"]
[WhiteElo "1725"]
[BlackElo "1377"]
[PlyCount "76"]
[EventDate "2021.05.15"]
[EventType "team"]
[EventRounds "2"]
[EventCountry "CAN"]
[WhiteTeam "WA"]
[BlackTeam "BC"]

1. d4 d5 2. c4 e6 3. Nc3 Nf6 4. Bg5 Be7 5. Nf3 O-O 6. e3 Nbd7 7. Bd3 dxc4 8.
Bxc4 h6 9. Bh4 b6 10. O-O Bb7 11. Bd3 c5 12. Re1 Qc7 13. Rc1 Qc6 14. e4 cxd4
15. Nb5 Nc5 16. Nbxd4 Qd7 17. Bb5 Qd8 18. e5 Nd5 19. Bxe7 Nxe7 20. Qe2 a6 21.
Bc4 Bd5 22. Red1 Qe8 23. Nd2 Rc8 24. Bxd5 Nxd5 25. Nc4 Qe7 26. Nd6 Rcd8 27. Nc6
Qg5 28. Nxd8 Rxd8 29. Nc4 Kh7 30. g3 Nf4 31. Qc2+ Ncd3 32. Qd2 Nh3+ 33. Kg2
Ndf4+ 34. Kf1 Rxd2 35. Nxd2 Nd3 36. Rc2 Nhxf2 37. Nf3 Qe3 38. Re1 Qxf3 0-1

[Event "Intermat Online"]
[Site "chess.com"]
[Date "2021.05.15"]
[Round "2.10"]
[White "Lu, Yiding"]
[Black "Wang, Alan"]
[Result "1-0"]
[WhiteElo "1783"]
[BlackElo "1278"]
[PlyCount "41"]
[EventDate "2021.05.15"]
[EventType "team"]
[EventRounds "2"]
[EventCountry "CAN"]
[WhiteTeam "WA"]
[BlackTeam "BC"]

1. e4 c5 2. Nf3 d6 3. d4 cxd4 4. Nxd4 Nf6 5. Nc3 e5 6. Nb3 Nc6 7. f3 Be6 8. Bg5
Be7 9. Qd2 O-O 10. O-O-O Ne8 11. Bxe7 Qxe7 12. g4 Rd8 13. h4 h6 14. g5 h5 15.
Nd5 Qd7 16. Rg1 g6 17. Nf6+ Nxf6 18. gxf6 Kh7 19. Rg5 Rb8 20. Rxh5+ gxh5 21.
Qg5 1-0

[Event "Intermat Online"]
[Site "chess.com"]
[Date "2021.05.15"]
[Round "2.11"]
[White "Vemparala, Nikash"]
[Black "Yu, Ryan Bole"]
[Result "1-0"]
[WhiteElo "1840"]
[BlackElo "1417"]
[PlyCount "45"]
[EventDate "2021.05.15"]
[EventType "team"]
[EventRounds "2"]
[EventCountry "CAN"]
[WhiteTeam "WA"]
[BlackTeam "BC"]

1. e4 c5 2. Nc3 Nc6 3. g3 e6 4. Bg2 d6 5. d3 Be7 6. f4 Nf6 7. Nf3 O-O 8. O-O
Qb6 9. Kh1 Nd4 10. Rb1 Bd7 11. Be3 Ng4 12. Bg1 Rac8 13. Nxd4 cxd4 14. Qxg4 f5
15. Qe2 Rf6 16. Nd1 Qc5 17. c3 Qc7 18. Bxd4 Rh6 19. exf5 Qd8 20. fxe6 Bxe6 21.
f5 Bd7 22. Ne3 Bh4 23. Ng4 1-0

[Event "Intermat Online"]
[Site "chess.com"]
[Date "2021.05.15"]
[Round "2.12"]
[White "Harish, Neeraj"]
[Black "Guo, Biaobiao Boyong"]
[Result "1-0"]
[WhiteElo "1862"]
[BlackElo "1291"]
[PlyCount "65"]
[EventDate "2021.05.15"]
[EventType "team"]
[EventRounds "2"]
[EventCountry "CAN"]
[WhiteTeam "WA"]
[BlackTeam "BC"]

1. e4 d6 2. d4 Nf6 3. Nc3 g6 4. f4 Bg4 5. Be2 Bxe2 6. Qxe2 Nc6 7. Nf3 e6 8. Be3
d5 9. e5 Nd7 10. O-O-O a6 11. g4 Bb4 12. f5 Bxc3 13. bxc3 Qe7 14. fxe6 fxe6 15.
Bg5 Qa3+ 16. Kd2 h6 17. Bf6 Nxf6 18. exf6 Kf7 19. Ne5+ Nxe5 20. Qxe5 Rac8 21.
h4 Qxa2 22. Rde1 Rhe8 23. Qf4 Rh8 24. Rxe6 Rhe8 25. Re7+ Rxe7 26. fxe7+ Kxe7
27. Re1+ Kd7 28. Qf7+ Kc6 29. Qe6+ Kb5 30. Qxc8 b6 31. Qxc7 a5 32. Qd7+ Ka6 33.
Re8 1-0

[Event "Intermat Online"]
[Site "chess.com"]
[Date "2021.05.15"]
[Round "2.13"]
[White "Liu, Austin"]
[Black "Yang, Jingyun (Ryan)"]
[Result "1-0"]
[WhiteElo "1772"]
[BlackElo "1812"]
[PlyCount "51"]
[EventDate "2021.05.15"]
[EventType "team"]
[EventRounds "2"]
[EventCountry "CAN"]
[WhiteTeam "WA"]
[BlackTeam "BC"]

1. e4 e5 2. Nf3 Nc6 3. Bb5 a6 4. Ba4 Nf6 5. O-O b5 6. Bb3 Bc5 7. c3 d6 8. d4
Bb6 9. a4 Bg4 10. Bg5 exd4 11. Bd5 Bd7 12. Nxd4 Bxd4 13. cxd4 h6 14. Bxf6 gxf6
15. Qh5 Qe7 16. axb5 Nxd4 17. Bxa8 Bxb5 18. Re1 Nc2 19. Nc3 Nxe1 20. Nxb5 Nxg2
21. Kxg2 Rg8+ 22. Kf1 Kd7 23. Qd5 Rg5 24. Bc6+ Kc8 25. Rxa6 Rxd5 26. Ra8# 1-0

[Event "Intermat Online"]
[Site "chess.com"]
[Date "2021.05.15"]
[Round "2.14"]
[White "Goktepe, Derin"]
[Black "Zhou, Zhengyuan (Frank)"]
[Result "1-0"]
[WhiteElo "1978"]
[BlackElo "1434"]
[PlyCount "49"]
[EventDate "2021.05.15"]
[EventType "team"]
[EventRounds "2"]
[EventCountry "CAN"]
[WhiteTeam "WA"]
[BlackTeam "BC"]

1. d4 d5 2. c4 e6 3. Nc3 Nf6 4. cxd5 exd5 5. Bg5 c6 6. Qc2 Bd6 7. e3 h6 8. Bxf6
Qxf6 9. Nxd5 Qe6 10. Nc3 Nd7 11. Bd3 Nf6 12. Nf3 O-O 13. O-O Bd7 14. e4 Bb4 15.
a3 Ba5 16. b4 Bb6 17. e5 Nd5 18. Ne4 Nf4 19. Ng3 Qd5 20. Bc4 Bf5 21. Qxf5 Qxc4
22. Qxf4 Rad8 23. Nf5 c5 24. bxc5 Bxc5 25. Qg3 1-0

[Event "Intermat Online"]
[Site "chess.com"]
[Date "2021.05.15"]
[Round "2.15"]
[White "Kamath, Aditya"]
[Black "Wu, Nathan"]
[Result "1/2-1/2"]
[WhiteElo "1031"]
[BlackElo "1868"]
[PlyCount "75"]
[EventDate "2021.05.15"]
[EventType "team"]
[EventRounds "2"]
[EventCountry "CAN"]
[WhiteTeam "WA"]
[BlackTeam "BC"]

1. d4 d5 2. Bf4 Bf5 3. Nf3 e6 4. e3 Nf6 5. Be2 c5 6. O-O Nc6 7. c3 h6 8. h3 Be7
9. Bd3 Bxd3 10. Qxd3 c4 11. Qc2 O-O 12. Nbd2 b5 13. b4 cxb3 14. axb3 Bd6 15.
Bxd6 Qxd6 16. c4 Nb4 17. Qb1 bxc4 18. bxc4 dxc4 19. Nxc4 Qe7 20. Nfd2 Nfd5 21.
Ne4 Rfb8 22. Rc1 Nf6 23. Nxf6+ Qxf6 24. Ra4 Nd5 25. Qc2 Nb6 26. Nxb6 Rxb6 27.
Qe4 Qd8 28. Rca1 Qb8 29. Qe5 Rb1+ 30. Rxb1 Qxb1+ 31. Kh2 Rc8 32. Rxa7 Rc1 33.
Ra8+ Kh7 34. Kg3 Qg6+ 35. Kh2 Qc2 36. Qf4 f6 37. Ra7 Qb1 38. Re7 1/2-1/2

[Event "Intermat Online"]
[Site "chess.com"]
[Date "2021.05.15"]
[Round "2.16"]
[White "Wang, Felicity"]
[Black "Mok, Gillian"]
[Result "1/2-1/2"]
[WhiteElo "1727"]
[BlackElo "1727"]
[PlyCount "108"]
[EventDate "2021.05.15"]
[EventType "team"]
[EventRounds "2"]
[EventCountry "CAN"]
[WhiteTeam "WA"]
[BlackTeam "BC"]

1. e4 e5 2. Nf3 Nc6 3. Bb5 a6 4. Ba4 Nf6 5. d3 d6 6. c3 Be7 7. Nbd2 b5 8. Bb3
Be6 9. Nf1 d5 10. Qe2 dxe4 11. dxe4 Bxb3 12. axb3 O-O 13. Ng3 Bc5 14. O-O Qd7
15. Nf5 Rfd8 16. Bg5 Qe6 17. b4 Bb6 18. h3 Ne7 19. N3h4 Ng6 20. Qf3 Nxh4 21.
Bxh4 Rd7 22. g4 Rad8 23. Kh1 Rd3 24. Qg2 R8d7 25. Rxa6 h6 26. Ra8+ Kh7 27. g5
Nh5 28. Qg4 Nf4 29. Bg3 Qc6 30. Raa1 Qxe4+ 31. f3 Qe2 32. Bxf4 exf4 33. gxh6 g6
34. Nd4 R7xd4 35. cxd4 Rd2 36. Qg1 Bxd4 37. Rae1 Bxg1 38. Rxe2 Rxe2 39. Kxg1
Kxh6 40. Rc1 Rxb2 41. Rxc7 Rxb4 42. Rxf7 Rd4 43. Rb7 b4 44. h4 Rc4 45. Rb5 Kg7
46. Rb6 Kf7 47. Kg2 Rc2+ 48. Kh3 Rb2 49. Kg4 b3 50. Kxf4 Rb1 51. Ke3 Kg7 52.
Kd3 Kh6 53. Rb5 Rb2 54. Ke3 Rh2 1/2-1/2

[Event "Intermat Online"]
[Site "chess.com"]
[Date "2021.05.15"]
[Round "2.17"]
[White "Cheng, Selina"]
[Black "Jiang, Kate Yuhua"]
[Result "0-1"]
[WhiteElo "1323"]
[BlackElo "1929"]
[PlyCount "120"]
[EventDate "2021.05.15"]
[EventType "team"]
[EventRounds "2"]
[EventCountry "CAN"]
[WhiteTeam "WA"]
[BlackTeam "BC"]

1. e4 e5 2. Nf3 Nc6 3. Bb5 a6 4. Ba4 Nf6 5. O-O Be7 6. Re1 b5 7. Bb3 d6 8. d3
Na5 9. Nc3 Nxb3 10. axb3 O-O 11. Nxb5 Bb7 12. Nc3 Re8 13. Bg5 h6 14. Bh4 Qd7
15. Qd2 Rad8 16. Rad1 Qg4 17. Bg3 Nh5 18. Qe2 f5 19. Nh4 Qxe2 20. Rxe2 f4 21.
Nf5 fxg3 22. hxg3 Nf6 23. f4 Nh5 24. fxe5 dxe5 25. Rf2 Bc5 26. Rdf1 Kh7 27. Kh2
Bxf2 28. Rxf2 Rf8 29. Re2 g6 30. Ne3 Rf7 31. Ng4 Re8 32. Na4 Bc8 33. Ne3 Ref8
34. Nc5 Rf2 35. Re1 Nf6 36. Rc1 Ng4+ 37. Nxg4 Bxg4 38. Nxa6 Bf3 39. Kh3 Bxg2+
40. Kg4 h5+ 41. Kg5 R2f5+ 42. exf5 Rxf5+ 43. Kh4 g5+ 44. Kxh5 Kg7 45. Nxc7 Kf6
46. Ne8+ Ke7 47. Ng7 Rf3 48. Ra1 Kf6 49. Ne8+ Ke7 50. Nc7 Rxg3 51. Re1 Kd7 52.
Nb5 Ke6 53. d4 e4 54. Nc3 Kf5 55. Kh6 e3 56. d5 Kf6 57. Kh5 Ke5 58. b4 Kf6 59.
b5 Bf3+ 60. Kh6 Rh3# 0-1

[Event "Intermat Online"]
[Site "chess.com"]
[Date "2021.05.15"]
[Round "2.18"]
[White "Wang, Daniel"]
[Black "Guo, Veronica (Yu Han)"]
[Result "0-1"]
[WhiteElo "1787"]
[BlackElo "1828"]
[PlyCount "100"]
[EventDate "2021.05.15"]
[EventType "team"]
[EventRounds "2"]
[EventCountry "CAN"]
[WhiteTeam "WA"]
[BlackTeam "BC"]

1. e4 c6 2. d4 d5 3. exd5 cxd5 4. c4 Nf6 5. Nc3 Nc6 6. Nf3 Bg4 7. Be3 e6 8.
cxd5 Nxd5 9. Be2 Bb4 10. Rc1 O-O 11. O-O Rc8 12. Bc4 Nxe3 13. fxe3 Nxd4 14.
Qxd4 Qxd4 15. Nxd4 Rxc4 16. Rf4 Bh5 17. Nxe6 Rxf4 18. Nxf4 Bg4 19. h3 Bd7 20.
Ncd5 Bd6 21. Rd1 Kh8 22. Nf6 Bxf4 23. exf4 Be6 24. Ne4 Bxa2 25. Rd7 Rb8 26. Nd6
Kg8 27. Rxb7 Rxb7 28. Nxb7 Kf8 29. Kf2 Ke7 30. g4 Ke6 31. Nc5+ Kd5 32. Na4 Kc4
33. Nc3 Kb3 34. Ke3 Kxb2 35. Kd4 Bb3 36. Nb5 a5 37. Kc5 a4 38. Kb4 Kc2 39. Kc5
Kd3 40. Kd6 Kc4 41. Na3+ Kb4 42. Nb1 Bc2 43. Ke7 Bxb1 44. Kxf7 a3 45. Kxg7 a2
46. f5 a1=Q+ 47. f6 Bg6 48. g5 Qa7+ 49. Kh6 Qf7 50. h4 Qf8# 0-1

[Event "Intermat Online"]
[Site "chess.com"]
[Date "2021.05.15"]
[Round "2.19"]
[White "Qian, Daniel"]
[Black "Gu, Chuyang"]
[Result "0-1"]
[WhiteElo "1913"]
[BlackElo "1805"]
[PlyCount "86"]
[EventDate "2021.05.15"]
[EventType "team"]
[EventRounds "2"]
[EventCountry "CAN"]
[WhiteTeam "WA"]
[BlackTeam "BC"]

1. d4 Nf6 2. c4 e6 3. Nc3 Bb4 4. e3 O-O 5. Bd3 d5 6. cxd5 exd5 7. Nge2 Bg4 8.
f3 Bh5 9. O-O Bg6 10. g4 Nc6 11. Ng3 Re8 12. Kg2 Ne7 13. h4 Bxd3 14. Qxd3 c5
15. g5 Nd7 16. Bd2 Rc8 17. a3 Ba5 18. Rad1 cxd4 19. exd4 Bxc3 20. bxc3 Nb6 21.
Rb1 Qd7 22. h5 Nc4 23. Bc1 Rc6 24. f4 Nd6 25. Re1 Rec8 26. Rb3 Nef5 27. Nxf5
Nxf5 28. Re5 Nd6 29. Rxd5 Qg4+ 30. Kf1 Qxh5 31. Kg2 Re8 32. Re5 Rec8 33. Rc5
Qg4+ 34. Kf2 Rxc5 35. dxc5 Nf5 36. Rxb7 Qh4+ 37. Ke2 Qh2+ 38. Kd1 Qh1+ 39. Kc2
Qxb7 40. Qxf5 Qg2+ 41. Bd2 Rd8 42. c6 Rxd2+ 43. Kc1 Qd5 0-1

[Event "Intermat Online"]
[Site "chess.com"]
[Date "2021.05.15"]
[Round "2.20"]
[White "Kurungod Anoop, Pranav"]
[Black "Qiu, Peter Yong"]
[Result "0-1"]
[WhiteElo "2016"]
[BlackElo "1608"]
[PlyCount "100"]
[EventDate "2021.05.15"]
[EventType "team"]
[EventRounds "2"]
[EventCountry "CAN"]
[WhiteTeam "WA"]
[BlackTeam "BC"]

1. e4 c5 2. Nf3 d6 3. d4 cxd4 4. Nxd4 Nf6 5. Nc3 a6 6. Bc4 e6 7. Bb3 Be7 8. g4
h6 9. Be3 Nbd7 10. f3 Nc5 11. Qd2 d5 12. e5 Nfd7 13. f4 b5 14. O-O Bb7 15. Qg2
Qc7 16. Rae1 Nxb3 17. axb3 b4 18. Nce2 Bc5 19. Nc1 a5 20. Kh1 Qb6 21. Qf2 f6
22. Nd3 O-O 23. Nxc5 Qxc5 24. Qg3 fxe5 25. fxe5 Rxf1+ 26. Rxf1 Qc7 27. Bf4 Ba6
28. Re1 Nc5 29. g5 Ne4 30. Qg2 hxg5 31. Bg3 Re8 32. Qf3 Qc5 33. Qe3 Rf8 34. Kg2
Qe7 35. Nf3 Qf7 36. Nd4 Bf1+ 37. Kg1 Bh3 38. Qe2 Qa7 39. Qe3 Qf7 40. Qe2 g4 41.
Rd1 Ng5 42. Re1 Qa7 43. Bf2 Ne4 44. Be3 Qe7 45. Ra1 Qh4 46. Nxe6 g3 47. Nf4
Rxf4 48. Bxf4 Qxf4 49. e6 gxh2+ 50. Qxh2 Qe3+ 0-1

[Event "Intermat Online"]
[Site "chess.com"]
[Date "2021.05.15"]
[Round "2.21"]
[White "Tien, Sophie"]
[Black "Huang, Patrick"]
[Result "1/2-1/2"]
[WhiteElo "2042"]
[BlackElo "2247"]
[PlyCount "85"]
[EventDate "2021.05.15"]
[EventType "team"]
[EventRounds "2"]
[EventCountry "CAN"]
[WhiteTeam "WA"]
[BlackTeam "BC"]

1. e4 g6 2. d4 Bg7 3. Nf3 d6 4. Nc3 a6 5. Be2 b5 6. a3 Bb7 7. O-O Nd7 8. Re1 c5
9. Bf1 cxd4 10. Nxd4 Ngf6 11. Bg5 h6 12. Bh4 O-O 13. Qd2 Nb6 14. Rad1 Kh7 15.
Bg3 Rc8 16. Qc1 e5 17. Nb3 Qc7 18. h3 Na4 19. Rd3 Nxc3 20. Rxc3 Qb6 21. Rxc8
Rxc8 22. Bd3 d5 23. Nd2 dxe4 24. Nxe4 Nxe4 25. Bxe4 Bxe4 26. Rxe4 f5 27. Re2 f4
28. Bh2 Qd4 29. c3 Qc4 30. Qe1 Rd8 31. g3 Rd3 32. gxf4 Qd5 33. Qf1 exf4 34.
Bxf4 Rd1 35. Re1 Rxe1 36. Qxe1 Qf5 37. Qe3 g5 38. Bh2 Qb1+ 39. Kg2 Qxb2 40.
Qe4+ Kg8 41. Qe8+ Kh7 42. Qe4+ Kg8 43. Qe8+ 1/2-1/2

[Event "Intermat Online"]
[Site "chess.com"]
[Date "2021.05.15"]
[Round "2.22"]
[White "Shubin, Daniel"]
[Black "Tian, Shi Yuan (Sherry)"]
[Result "1/2-1/2"]
[WhiteElo "2162"]
[BlackElo "2045"]
[PlyCount "72"]
[EventDate "2021.05.15"]
[EventType "team"]
[EventRounds "2"]
[EventCountry "CAN"]
[WhiteTeam "WA"]
[BlackTeam "BC"]

1. e4 e6 2. d4 d5 3. Nc3 Nf6 4. exd5 exd5 5. Bg5 Be7 6. Qd2 Bf5 7. Nf3 h6 8.
Bf4 Bb4 9. Bd3 Ne4 10. Bxe4 Bxe4 11. a3 Bxc3 12. Qxc3 O-O 13. O-O Qf6 14. Bg3
Bxf3 15. Be5 Qf5 16. Qxf3 Qxf3 17. gxf3 c6 18. Bxb8 Raxb8 19. Rfe1 Rfe8 20. Re3
f6 21. Rae1 Kf7 22. Kg2 b6 23. Kg3 c5 24. Rxe8 Rxe8 25. Rxe8 Kxe8 26. dxc5 bxc5
27. Kg4 g6 28. f4 f5+ 29. Kf3 Kd7 30. Ke3 Ke6 31. h4 d4+ 32. Kd3 Kd5 33. b3 a6
34. f3 h5 35. c3 dxc3 36. Kxc3 Kd6 1/2-1/2

[Event "Intermat Online"]
[Site "chess.com"]
[Date "2021.05.15"]
[Round "2.23"]
[White "Petrov, Oscar"]
[Black "Hemstapat, Andrew"]
[Result "1-0"]
[WhiteElo "1848"]
[BlackElo "2245"]
[PlyCount "100"]
[EventDate "2021.05.15"]
[EventType "team"]
[EventRounds "2"]
[EventCountry "CAN"]
[WhiteTeam "WA"]
[BlackTeam "BC"]

1. e4 e6 2. d4 d5 3. Nc3 Nf6 4. Bg5 Bb4 5. e5 h6 6. Be3 Ne4 7. Qg4 g6 8. a3
Bxc3+ 9. bxc3 c5 10. Bd3 cxd4 11. cxd4 Qa5+ 12. Ke2 Nc3+ 13. Kf1 Qc7 14. Nh3 b6
15. g3 Ba6 16. Kg2 Qd7 17. Qh4 Qe7 18. Bg5 Qf8 19. Bd2 g5 20. Qg4 Ne4 21. Bb4
Qg8 22. c4 Nc6 23. Rhc1 Bb7 24. cxd5 Nxb4 25. axb4 Nd2 26. Bb5+ Kd8 27. Bc6
Bxc6 28. Rxc6 Rc8 29. Rxa7 Rxc6 30. dxc6 Qh7 31. Nxg5 hxg5 32. Qxg5+ Kc8 33.
Ra8+ Kc7 34. Rxh8 Qd3 35. Qe7+ Kxc6 36. Rc8+ Kb5 37. Qd7+ Kxb4 38. Qd6+ Kb5 39.
Qc6+ Ka5 40. Qc3+ Qxc3 41. Rxc3 b5 42. h4 b4 43. Rc8 Kb5 44. Rb8+ Kc4 45. h5
Ne4 46. f4 Nc3 47. Rxb4+ Kxb4 48. h6 Nd5 49. h7 Ne3+ 50. Kf3 Nf1 1-0

[Event "Intermat Online"]
[Site "chess.com"]
[Date "2021.05.15"]
[Round "2.24"]
[White "Jammalamadaka, Varnika"]
[Black "Shinn, Jungmin"]
[Result "0-1"]
[WhiteElo "1735"]
[BlackElo "1972"]
[PlyCount "92"]
[EventDate "2021.05.15"]
[EventType "team"]
[EventRounds "2"]
[EventCountry "CAN"]
[WhiteTeam "WA"]
[BlackTeam "BC"]

1. d4 e6 2. c4 d5 3. Nc3 Be7 4. cxd5 exd5 5. Bf4 Nf6 6. e3 c6 7. Bd3 O-O 8. h4
c5 9. Nh3 cxd4 10. exd4 Re8 11. Be3 Ng4 12. Ng5 Bxg5 13. hxg5 g6 14. Kd2 Nxe3
15. fxe3 Qxg5 16. Qf3 Be6 17. Nb5 Nc6 18. Rac1 Re7 19. Rh2 h5 20. Rch1 Bg4 21.
Qf4 Qxf4 22. exf4 a6 23. Nc3 Rd8 24. f5 gxf5 25. Be2 Rxe2+ 26. Nxe2 Re8 27. Nf4
Re4 28. Nxh5 Rxd4+ 29. Kc1 Ne5 30. Nf6+ Kf8 31. Rh8+ Ke7 32. Ng8+ Ke6 33. Re1
Re4 34. Rh6+ Ng6 35. Rxe4+ fxe4 36. Rh1 Ke5 37. Nh6 Be6 38. Kd2 f5 39. Rh5 Nf4
40. Rg5 Kf6 41. Rg3 d4 42. Ng8+ Ke5 43. b3 e3+ 44. Kd1 Bf7 45. Ke1 Bh5 46. Kf1
Nd3 0-1

[Event "Intermat Online"]
[Site "chess.com"]
[Date "2021.05.15"]
[Round "2.25"]
[White "Stein, Daniel"]
[Black "Yang, Brian"]
[Result "1/2-1/2"]
[WhiteElo "1761"]
[BlackElo "2056"]
[PlyCount "59"]
[EventDate "2021.05.15"]
[EventType "team"]
[EventRounds "2"]
[EventCountry "CAN"]
[WhiteTeam "WA"]
[BlackTeam "BC"]

1. e4 c5 2. Nf3 e6 3. d4 cxd4 4. Nxd4 Nc6 5. c4 Nf6 6. Nc3 Bb4 7. f3 Bxc3+ 8.
bxc3 Nxe4 9. fxe4 Qh4+ 10. Kd2 Qxe4 11. Qf3 Qh4 12. g3 Nxd4 13. Qe3 Nf5 14.
gxh4 Nxe3 15. Kxe3 b6 16. Bg2 Rb8 17. Rg1 Ba6 18. Ba3 Bxc4 19. Bd6 Rd8 20. Bb7
Bd5 21. Bxd5 exd5 22. Rxg7 Rc8 23. Kd4 Rc4+ 24. Kxd5 Rxc3 25. Bb4 Rd3+ 26. Ke4
Rh3 27. Re1 Kd8 28. Kd5 Rxh2 29. Be7+ Kc8 30. a3 1/2-1/2

[Event "Intermat Online"]
[Site "chess.com"]
[Date "2021.05.15"]
[Round "2.26"]
[White "Lee, Brian"]
[Black "Wang, Alex Jiale"]
[Result "0-1"]
[WhiteElo "1881"]
[BlackElo "1832"]
[PlyCount "110"]
[EventDate "2021.05.15"]
[EventType "team"]
[EventRounds "2"]
[EventCountry "CAN"]
[WhiteTeam "WA"]
[BlackTeam "BC"]

1. Nf3 Nf6 2. c4 e6 3. Nc3 Bb4 4. g3 O-O 5. Bg2 d5 6. cxd5 exd5 7. d4 c5 8. O-O
Nc6 9. a3 Bxc3 10. bxc3 c4 11. Bg5 h6 12. Bxf6 Qxf6 13. Nd2 Rd8 14. e4 Be6 15.
Qc2 Rac8 16. Rab1 Na5 17. Rb5 b6 18. exd5 Bd7 19. Rb2 Qe7 20. h4 Qxa3 21. Rb4
Bf5 22. Qxf5 Qxc3 23. Rbb1 Qxd2 24. Be4 g6 25. Qf6 Rf8 26. Rfd1 Qe2 27. Re1 Qg4
28. Kg2 Nb3 29. f3 Qd7 30. d6 Nd2 31. Bc2 Rc6 32. Rbd1 c3 33. Qf4 Qxd6 34. Qxh6
Qxd4 35. h5 Qg7 36. Qg5 Rc5 37. Qf4 gxh5 38. Rh1 Qg5 39. Qd4 Rd8 40. Qf2 Rcd5
41. Qe2 Re5 42. Qf2 Qe3 43. Qxe3 Rxe3 44. Rxh5 Re2+ 45. Kh1 Rde8 46. f4 Re1+
47. Rxe1 Rxe1+ 48. Kg2 Re2+ 49. Kh3 Ne4 50. Re5 Nf2+ 51. Kh4 Rxc2 52. Kg5 Nd3
53. Rd5 Rd2 54. Kh6 Kf8 55. f5 Nf4 0-1

[Event "Jack Taylor mem."]
[Site "Victoria, BC CAN"]
[Date "2021.11.13"]
[Round "1"]
[White "Kenney, Jason"]
[Black "O'Brien, Frank"]
[Result "1-0"]
[WhiteElo "2264"]
[BlackElo "1711"]
[PlyCount "47"]
[EventDate "2021.11.13"]
[EventType "swiss"]
[EventRounds "5"]
[EventCountry "CAN"]

1. e4 e5 2. Nf3 Nc6 3. Bc4 Nf6 4. d4 exd4 5. e5 d5 6. Bb5 Ne4 7. Nxd4 Bc5 8.
Be3 Bd7 9. Bxc6 bxc6 10. O-O O-O 11. f3 Ng5 12. f4 Ne4 13. Nd2 f5 14. Rf3 Bxd4
15. Bxd4 c5 16. Bf2 Nxd2 17. Qxd2 d4 18. c3 Bc6 19. Rg3 Qe7 20. cxd4 cxd4 21.
Qxd4 Rfd8 22. Qc3 Bd5 23. e6 Re8 24. Bc5 1-0

[Event "Jack Taylor mem."]
[Site "Victoria, BC CAN"]
[Date "2021.11.13"]
[Round "1"]
[White "Liu, Zachary"]
[Black "Setiadikurnia, Sloan Christopher"]
[Result "0-1"]
[WhiteElo "1626"]
[BlackElo "2141"]
[PlyCount "58"]
[EventDate "2021.11.13"]
[EventType "swiss"]
[EventRounds "5"]
[EventCountry "CAN"]

1. e4 e5 2. Nf3 Nc6 3. d4 exd4 4. Nxd4 Bc5 5. Be3 Qf6 6. c3 Nge7 7. Bc4 Ne5 8.
Be2 d5 9. Nd2 O-O 10. O-O Bb6 11. f3 N5c6 12. Nc2 Rd8 13. Bxb6 axb6 14. Qe1 d4
15. cxd4 Nxd4 16. Nxd4 Qxd4+ 17. Kh1 Be6 18. Nb3 Qxb2 19. Bd1 Rxa2 20. Rxa2
Qxa2 21. Nc1 Qd2 22. f4 Qxc1 23. f5 Bc4 24. f6 gxf6 25. Qg3+ Qg5 26. Qxc7 Bxf1
27. Qxd8+ Kg7 28. Bf3 Bxg2+ 29. Bxg2 Qc1+ 0-1

[Event "Jack Taylor mem."]
[Site "Victoria, BC CAN"]
[Date "2021.11.13"]
[Round "1"]
[White "Moura, Eduardo"]
[Black "Forman, Ken"]
[Result "1-0"]
[WhiteElo "2187"]
[BlackElo "1640"]
[PlyCount "67"]
[EventDate "2021.11.13"]
[EventType "swiss"]
[EventRounds "5"]
[EventCountry "CAN"]

1. c4 Nf6 2. g3 g6 3. Bg2 Bg7 4. Nc3 d6 5. e4 O-O 6. Nge2 e5 7. O-O Be6 8. d3
c6 9. h3 Qc8 10. Kh2 Nh5 11. Be3 Qe8 12. Qd2 Nd7 13. Rae1 f5 14. exf5 gxf5 15.
f4 Qg6 16. Rg1 Kh8 17. b3 Nhf6 18. Bf3 e4 19. Bh1 d5 20. dxe4 dxe4 21. Nd4 Bf7
22. Qe2 Qh6 23. Nxf5 Qg6 24. g4 Be6 25. Nxg7 Qxg7 26. Nxe4 Nxe4 27. Bxe4 Nf6
28. Bf3 Rae8 29. Qf2 Bd7 30. Bd4 b6 31. g5 c5 32. gxf6 Qh6 33. f7+ cxd4 34.
Qxd4+ 1-0